000 00597nam a2200193 a 4500
001 000037692
005 20240412074258.0
008 121115s2012 dr r 001 p spa d
040 _aDO-SdBNP
_bspa
_cBNPHU
082 _aRD861.5
_bA594d
100 1 _aAngulo López, Ludovino,
_d1922-
_964156
245 1 0 _aDesde mi nostalgia /
_cLudovino Angulo López.
260 _aSanto Domingo :
_b[s.n.],
_c2012.
300 _a108 p. ;
_c20 cm.
590 _aInventariado, 2019 / DG
650 0 _aPoesía dominicana
_966
650 0 _aLiteratura dominicana.
_967
910 _aValidado. Control de calidad. EMS
999 _c37182
_d37182